00445nam a2200121Ia 4500008004100000020001800041100002100059245013200080260004200212300001800254500002000272650003100292191017s9999 xx 000 0 und d a9781975149192 aLemke, Thomas L. cThomas L. Lemke, S. William Zito, Victoria R. Roche & David A. WilliamsaEssentials of Foye's Principles of Medical Chemistry / aPhiladelphia:bWolters Kluwer,c2017. ax, 641 pages: aIncludes index. aChemistry-- phramaceutical